World hunger : a guide to the economic and political dimensions /

Bibliographic Details
Main Author: Ball, Nicole
Format: Book
Language:English
Published: Santa Barbara, Calif. : Oxford, England : ABC-Clio ; Clio Press, [1981]
Series:War/peace bibliography series ; no. 15.
Subjects:

MARC

Tag First Indicator Second Indicator Subfields
LEADER 00000cam a2200000 a 4500
001 in00000089253
005 20151008065359.0
008 800910s1981 cau b 00110 engm
010 |a  80022504  
020 |a 087436308X 
035 |a (OCoLC)06788562 
035 |9 AAK5848AM 
040 |a DLC  |c DLC  |d m.c.  |d OCL  |d TXA  |d UtOrBLW 
049 |a TXAM  |c [933407] 
050 0 0 |a Z7164.F7  |b B34  
100 1 |a Ball, Nicole. 
245 1 0 |a World hunger :  |b a guide to the economic and political dimensions /  |c Nicole Ball. 
264 1 |a Santa Barbara, Calif. :  |b ABC-Clio ;  |a Oxford, England :  |b Clio Press,  |c [1981] 
264 4 |c ©1981 
300 |a xxiii, 386 pages ;  |c 24 cm. 
336 |a text  |b txt  |2 rdacontent 
337 |a unmediated  |b n  |2 rdamedia 
338 |a volume  |b nc  |2 rdacarrier 
490 1 |a War/peace bibliography series ;  |v no. 15 
500 |a Errata slip inserted. 
500 |a Includes indexes. 
650 0 |a Food supply  |z Developing countries  |x Bibliography. 
830 0 |a War/peace bibliography series ;  |v no. 15. 
999 |a MARS 
999 f f |s b6a4a929-35eb-3327-ba7b-d974541714c7  |i f147c630-f520-31b0-8ca9-d3cd410ce1a8  |t 0 
952 f f |p ric  |a Texas A&M University  |b Rellis Campus  |c Joint Library Facility  |d Remote Storage  |t 0  |e Z7164.F7 B34  |h Library of Congress classification  |i unmediated -- volume  |m A14842717291 
998 f f |a Z7164.F7 B34  |t 0  |l Remote Storage